000 01584nam a2200397 i 4500
001 36787
003 KOSZ 005
005 20240405063116.0
008 961010s1995 pl f |000 0 pol d
040 _cKOSZ 005
_aKOSZ 005
_dKOSZ 005/HR
041 0 _apol
046 _k1995
080 _a332.1(438)"1989/..."
080 _a338.43(438)"1989/..."
245 0 0 _aDylematy i szanse rozwoju gospodarki wiejskiej :
_bpraca zbiorowa /
_cpod red. Mieczysława Bąka i Przemysława Kulawczuka ; Instytut Badań nad Demokracją i Przedsiębiorstwem Prywatnym, Przedstawicielstwo Fundacji im. Friedricha Naumanna w Polsce.
260 _aWarszawa :
_bIBDiPP,
_c1995.
300 _a51, 88, 19 s. :
_b1 wykr. ;
_c30 cm.
336 _2rdacontent
_aTekst
_btxt
337 _2rdamedia
_aBez urządzenia pośredniczącego
_bn
338 _2rdacarrier
_aWolumin
_bnc
380 _aKsiążki
388 _a1901-2000
388 _a1989-2000
648 7 _a1901-2000
648 7 _a1989-2000
650 9 _aPolityka rolna
650 9 _aWsie
658 _aGospodarka, ekonomia, finanse
650 9 _aGospodarka regionalna
700 1 _aBąk, Mieczysław
_eRedakcja
700 1 _aKulawczuk, Przemysław
_d(1961- )
_eRedakcja
710 0 _aFundacja im. Friedricha Naumanna
856 _uhttp://koha.tu.koszalin.pl/cgi-bin/koha/opac-detail.pl?biblionumber=36787
_yKatalog online BPK
942 _cKS
_2UKD
999 _c36787
_d36787